Real Analysis

Αποθηκεύτηκε σε:
Λεπτομέρειες βιβλιογραφικής εγγραφής
Κύριος συγγραφέας: Anderson, J. A. (Johnston Andrew)
Μορφή: Βιβλίο
Γλώσσα:English
Δημοσίευση: New York : Gordon & Breach, 1969
Θέματα:
Ετικέτες: Προσθήκη ετικέτας
Δεν υπάρχουν, Καταχωρήστε ετικέτα πρώτοι!

MARC

LEADER 00000nam a2200000 i 4500
001 1/36676
008 941103s1969 eng d
035 |a 1994  |c ΧΑΤΖΗΣΑΒΒΑΣ  |l 10040302 
040 |a GR-MY-UA  |b gre  |e aacr 
041 0 |a eng 
082 0 |a 515. 
100 1 |a Anderson, J. A.   |q (Johnston Andrew) 
245 1 0 |a Real Analysis /  |c J.A. Anderson 
260 |a New York :   |b Gordon & Breach,   |c 1969 
300 |a 345 p.;  |c 23 cm. 
500 |a Includes index 
650 0 0 |a Mathematical analysis. 
852 |a INST  |b SAMOS  |e 19941103  |h 515 AND  |p 005300003579  |q 005300003579  |t BK  |y 0 
909 |a Σ  |b 034529